header

Doing fieldwork (Record no. 85030)

MARC details
000 -LEADER
fixed length control field 01997nam a2200361Ia 4500
082 04 - DEWEY DECIMAL CLASSIFICATION NUMBER
Classification number 305.8/0072/3
100 1# - MAIN ENTRY--AUTHOR NAME
Personal name Fife, Wayne.
245 10 - TITLE STATEMENT
Title Doing fieldwork
260 ## - PUBLICATION, DISTRIBUTION, ETC. (IMPRINT)
Place of publication New York :
Name of publisher Palgrave Macmillan,
Year of publication c2005.
300 ## - PHYSICAL DESCRIPTION
Number of Pages xii, 174 p.
505 0# - FORMATTED CONTENTS NOTE
Formatted contents note 1. Introduction to ethnographic research methods -- Pt. A. Methods for macro-level research -- 2. Using historical sources for ethnographic research -- 3. Contemporary scholarly sources and a theoretical orientation -- 4. Newspapers and government documents : popular and official sources of information -- Pt. B. Methods for micro-level research -- 5. Participant-observation as a research method -- 6. Interviewing -- 7. Self-reporting -- Pt. C. Putting the ethnography together -- 8. Analysis -- 9. Creating and testing theory -- 10. Academic and practical writing.
650 #0 - SUBJECT ADDED ENTRY--TOPICAL TERM
Topical Term Ethnology
Topical Term Ethnology
Topical Term Ethnology
Topical Term Ethnology
856 40 - ELECTRONIC LOCATION AND ACCESS
Uniform Resource Identifier http://site.ebrary.com/lib/rucke/Doc?id=10135372

No items available.

© 2026 Rongo University
Contact us: librarian | system librarian | Rongo university